Kamus : Perdagangan Utusan
| Format: | Book |
|---|---|
| Published: |
Kuala Lumpur :
Utusan Publications& Distribution Sdn Bhd ,
1997
|
| Subjects: |
MARC
| LEADER | 00000cam a2200000 7i4500 | ||
|---|---|---|---|
| 001 | 0000069283 | ||
| 005 | 20170117.0 | ||
| 008 | 170117 | ||
| 020 | |a 9676105562 | ||
| 090 | 0 | 0 | |a 380.103 |b SUK |
| 245 | 1 | 0 | |a Kamus : |b Perdagangan Utusan |
| 260 | |a Kuala Lumpur : |b Utusan Publications& Distribution Sdn Bhd , |c 1997 | ||
| 650 | 0 | |a Malay language |x Dictionaries | |
| 999 | |a 0000797534 |b Book |c Adult Collection |e Cawangan Segamat | ||